000 00358 a2200157 4500
001 57114
020 _a8535700811
040 _cAnchieta - Pituba
100 _aAguiar, Luiz Antonio
240 1 0 _aO goleiro e a fada de batom
_lpor
245 1 0 _aO goleiro e a fada de batom
300 _a80
362 0 _a2000
650 4 _aLiteratura juvenil
942 _cBK
999 _c57114
_d57114